LIBRARY ONLINE CATALOGUE

Treatise on Harmony (Record no. 15901)

MARC details
000 -LEADER
fixed length control field 00540nam a22001697a 4500
008 - FIXED-LENGTH DATA ELEMENTS--GENERAL INFORMATION
fixed length control field 160322b xxu||||| |||| 00| 0 eng d
020 ## - INTERNATIONAL STANDARD BOOK NUMBER
International Standard Book Number 0486224619
040 ## - CATALOGING SOURCE
Original cataloging agency KABU
Transcribing agency KABU
050 ## - LIBRARY OF CONGRESS CALL NUMBER
Classification number MT 50
Item number .R 36
100 ## - MAIN ENTRY--PERSONAL NAME
Personal name Rameau, Jean-Philippe
245 ## - TITLE STATEMENT
Title Treatise on Harmony
Statement of responsibility, etc. Jeaen-philippe rameau, Translated with an introduction and notes by Philip Gossett
260 ## - PUBLICATION, DISTRIBUTION, ETC. (IMPRINT)
Place of publication, distribution, etc. New york
Name of publisher, distributor, etc. Dover publication
Date of publication, distribution, etc. 2014
300 ## - PHYSICAL DESCRIPTION
Extent iv,44p.
650 ## - SUBJECT ADDED ENTRY--TOPICAL TERM
Topical term or geographic name as entry element Harmony
700 ## - ADDED ENTRY--PERSONAL NAME
Personal name Gossett, Philip
942 ## - ADDED ENTRY ELEMENTS (KOHA)
Source of classification or shelving scheme Library of Congress Classification
Koha item type General Collection
Classification part MT 50 .R36 1971
Holdings
Withdrawn status Lost status Source of classification or shelving scheme Not for loan Home library Current library Shelving location Date acquired Cost, normal purchase price Total Checkouts Full call number Barcode Date last seen Copy number Price effective from Koha item type
    Library of Congress Classification   Kabarak, Main Campus Kabarak, Main Campus General Stacks 22/03/2016 2605.65   MT 50 .R 36 1971 C.1 026071 22/03/2016 C.1 22/03/2016 General Collection